000 00378nam a22001577a 4500
003 Macl
005 20170830130148.0
008 170526b xxu||||| |||| 00| 0 eng d
040 _cMacl
082 _a200
100 _aKhalid Haroon
_967235
245 _aIn Search Of Shiva
260 _aNew Delhi
_bRupa publication india Pvt ltd
650 _astory
_967236
942 _2ddc
_cBK
999 _c56387
_d56387